[Event "Let's Play Chess!"]
[Site "http://www.queenalice.com/game.php?id=315270"]
[Date "2007.12.5"]
[Round "-"]
[White "Ruan"]
[Black "Pascoal"]
[Result "0-1"]
[WhiteElo "1930"]
[BlackElo "1592"]

1. e4 d6 2. d4 Nd7 3. Nc3 e5 4. dxe5 dxe5 5. Bc4 Be7 6. Be3 Ngf6 7. Qd2 O-O 8.
O-O-O c6 9. Nge2 Qc7 10. Bb3 a5 0-1

[Event "QA-ANNIV-03"]
[Site "http://www.queenalice.com/game.php?id=316122"]
[Date "2007.12.6"]
[Round "4"]
[White "Rusty"]
[Black "Ruan"]
[Result "1/2-1/2"]
[WhiteElo "2421"]
[BlackElo "2044"]

1. d4 Nf6 2. c4 e6 3. Nc3 c5 4. d5 exd5 5. cxd5 d6 6. Nf3 g6 7. h3 Bg7 8. e4 O-O
9. Bd3 Re8 10. O-O c4 11. Bxc4 Nxe4 12. Nxe4 Rxe4 13. Bg5 f6 14. Bd3 Re8 15. Be3
Nd7 16. Rc1 Ne5 17. Be2 Nxf3+ 18. Bxf3 f5 19. Bd4 Bh6 20. Rc4 b5 21. Rc2 Bd7 22.
Re1 Qa5 23. Rce2 Qxa2 24. Re7 Rxe7 25. Rxe7 Rd8 26. Qe1 Bf8 27. Bc3 b4 28. Bg7
Re8 29. Bxf8 Kxf8 30. Rxe8+ Bxe8 31. Qxb4 Qa1+ 32. Kh2 Qa6 33. Qc3 Kg8 34. g4
fxg4 35. hxg4 Qb7 36. g5 Qe7 37. Qd2 Qe5+ 38. Kg2 Qf5 39. Kg3 Bd7 40. Bg2 Qg4+
41. Kh2 a5 42. f3 Qh4+ 43. Kg1 a4 44. f4 h5 45. gxh6 Qxh6 46. Qd4 Qh4 47. Qe3
1/2-1/2

[Event "AUTO-OPEN-949"]
[Site "http://www.queenalice.com/game.php?id=326988"]
[Date "2007.12.28"]
[Round "1"]
[White "rubenov"]
[Black "Ruan"]
[Result "0-1"]
[WhiteElo "1866"]
[BlackElo "1995"]

1. d4 d5 2. Bg5 c6 3. Nf3 Qb6 4. b3 Bg4 5. e3 Nd7 6. Bf4 Ngf6 7. h3 Bxf3 8. gxf3
c5 9. Bg2 cxd4 10. Qxd4 Qxd4 11. exd4 Rc8 12. c3 Nh5 13. Bg3 g6 14. f4 e6 15. b4
Bh6 16. Na3 Nxg3 17. fxg3 Rxc3 0-1

[Event "AUTO-OPEN-949"]
[Site "http://www.queenalice.com/game.php?id=326989"]
[Date "2007.12.28"]
[Round "1"]
[White "Ruan"]
[Black "arvo1938"]
[Result "1-0"]
[WhiteElo "2039"]
[BlackElo "1770"]

1. e4 c5 2. Nf3 d6 3. d4 cxd4 4. Nxd4 Nf6 5. Nc3 a6 6. Bg5 e6 7. f4 Be7 8. Qf3
Nc6 9. O-O-O Bd7 10. e5 dxe5 11. Nxc6 bxc6 12. fxe5 Nd5 13. Bxe7 Qxe7 14. Ne4
O-O 15. c4 Nb4 16. Nf6+ Kh8 17. Rxd7 Qc5 18. a3 a5 19. axb4 axb4 20. Ng4 Ra7 21.
Rxa7 f5 22. Qf2 Qxf2 23. Nxf2 h5 24. Be2 1-0

[Event "AUTO-OPEN-949"]
[Site "http://www.queenalice.com/game.php?id=326990"]
[Date "2007.12.28"]
[Round "1"]
[White "arvo1938"]
[Black "Ruan"]
[Result "0-1"]
[WhiteElo "1776"]
[BlackElo "2033"]

1. e4 e5 2. Nf3 Nc6 3. Bb5 a6 4. Ba4 Nf6 5. O-O b5 6. Bb3 Be7 7. Re1 O-O 8. d4
d6 9. h3 Nxd4 10. Nxd4 exd4 11. Qxd4 c5 12. Qd3 c4 13. Bxc4 bxc4 14. Qxc4 Be6
15. Qd3 d5 16. e5 Ne4 17. Nd2 Nc5 18. Qf1 Bf5 19. b4 Ne6 20. c3 d4 21. Bb2 dxc3
22. Bxc3 Bd3 23. Nf3 Bxf1 24. Rxf1 Nf4 0-1

[Event "AUTO-OPEN-949"]
[Site "http://www.queenalice.com/game.php?id=326992"]
[Date "2007.12.28"]
[Round "1"]
[White "miaderitopedro"]
[Black "Ruan"]
[Result "0-1"]
[WhiteElo "1744"]
[BlackElo "2058"]

1. e4 e5 2. Nf3 Nc6 3. Bc4 Nf6 4. d3 Bc5 5. O-O O-O 6. Nc3 d6 7. h3 h6 8. Be3
Bxe3 9. fxe3 a6 10. a4 Qe7 11. Nd5 Nxd5 12. Bxd5 Bd7 13. Bxc6 Bxc6 14. c3 Rad8
15. Nh4 Qxh4 0-1

[Event "AUTO-OPEN-950"]
[Site "http://www.queenalice.com/game.php?id=327050"]
[Date "2007.12.28"]
[Round "1"]
[White "Kosintseva"]
[Black "Ruan"]
[Result "1-0"]
[WhiteElo "2358"]
[BlackElo "2028"]

1. e4 e5 2. Nf3 Nc6 3. Bb5 a6 4. Ba4 Nf6 5. O-O b5 6. Bb3 Be7 7. Re1 O-O 8. c3
d6 9. h3 Na5 10. Bc2 c5 11. d4 cxd4 12. cxd4 Qc7 13. d5 Bb7 14. a4 bxa4 15. Rxa4
Rac8 16. Na3 h6 17. Bd2 1-0

[Event "AUTO-OPEN-950"]
[Site "http://www.queenalice.com/game.php?id=327051"]
[Date "2007.12.28"]
[Round "1"]
[White "Ruan"]
[Black "Kosintseva"]
[Result "0-1"]
[WhiteElo "2028"]
[BlackElo "2355"]

1. e4 c5 2. d4 cxd4 3. c3 dxc3 4. Nxc3 d6 5. Bc4 e6 6. Nf3 Nc6 7. O-O Be7 8. Qe2
Nf6 9. Rd1 Bd7 10. Bg5 a6 11. Rac1 b5 12. Nxb5 axb5 13. Bxb5 Qb6 14. Bxc6 Bxc6
15. Bxf6 gxf6 0-1

[Event "AUTO-OPEN-950"]
[Site "http://www.queenalice.com/game.php?id=327099"]
[Date "2007.12.28"]
[Round "1"]
[White "Lariza"]
[Black "Ruan"]
[Result "0-1"]
[WhiteElo "2074"]
[BlackElo "2009"]

1. e4 e5 2. Nf3 Nc6 3. Bb5 a6 4. Ba4 Nf6 5. O-O b5 6. Bb3 Be7 7. Re1 O-O 8. c3
d5 9. exd5 Nxd5 10. Nxe5 Nxe5 11. Rxe5 c6 12. d4 Bd6 13. Re1 Qh4 14. h3 Bxh3 15.
gxh3 Qxh3 16. f4 Nxf4 17. Bxf4 Bxf4 18. Qe2 Rae8 19. Qxe8 Bh2+ 0-1

[Event "Game"]
[Site "http://www.queenalice.com/game.php?id=327407"]
[Date "2007.12.29"]
[Round "-"]
[White "Ruan"]
[Black "Sanghoon"]
[Result "0-1"]
[WhiteElo "1989"]
[BlackElo "1879"]

1. e4 c5 2. Nf3 d6 3. d4 cxd4 4. Nxd4 Nf6 5. Nc3 a6 6. Bg5 Nbd7 7. f4 Qc7 8. Qf3
b5 9. O-O-O Bb7 10. Bd3 e6 11. Rhe1 O-O-O 12. Bxb5 axb5 13. Ndxb5 Qb6 14. f5 Ne5
15. Qh3 Re8 16. Rd4 Kb8 17. Re3 Rc8 18. fxe6 Rxc3 0-1